[Event "XV Konik Morski Rewala - Open B"]
[Site "Rewal"]
[Date "2010.08.23"]
[Round "4.26"]
[White "Korcz, Daniel"]
[Black "Matuszczyk, Przemyslaw"]
[Result "1-0"]
[WhiteElo "1804"]
[BlackElo "2059"]
[PlyCount "83"]
[EventDate "2010.??.??"]

1. e4 c5 2. Nf3 d6 3. d4 cxd4 4. Nxd4 Nf6 5. Nc3 Nc6 6. Be2 e5 7. Nb3 Be7 8.
Be3 O-O 9. O-O a5 10. Bc4 a4 11. Nc1 Ng4 12. Bd2 Bg5 13. h3 Nh6 14. N1e2 Kh8
15. Ng3 Nd4 16. Nb5 Nxb5 17. Bxb5 Bf4 18. Ne2 Qg5 19. Nxf4 exf4 20. c4 f5 21.
exf5 Qxf5 22. Qf3 Rf6 23. Rfe1 Be6 24. Re4 Raf8 25. Rae1 Qg6 26. Bc3 Bf5 27.
Bxf6 Bxe4 28. Bxg7+ Qxg7 29. Qxe4 f3 30. g3 Nf5 31. Qxf3 Ne7 32. Qc3 Qxc3 33.
bxc3 Nc6 34. Bxa4 Rf3 35. Bxc6 bxc6 36. Re8+ Kg7 37. Rc8 c5 38. Rc6 Rxc3 39.
Rxd6 Rxc4 40. Rc6 Ra4 41. Rxc5 Rxa2 42. Rc6 1-0

[Event "XV Konik Morski Rewala - Open B"]
[Site "Rewal"]
[Date "2010.08.23"]
[Round "4.27"]
[White "Faron, Rafal"]
[Black "Milanowski, Jan"]
[Result "1/2-1/2"]
[WhiteElo "1760"]
[BlackElo "2049"]
[PlyCount "43"]
[EventDate "2010.??.??"]

1. d4 f5 2. c4 Nf6 3. g3 g6 4. Bg2 c6 5. Nh3 d6 6. O-O Bg7 7. f4 Qb6 8. Nf2 c5
9. d5 O-O 10. Qc2 Na6 11. a3 Qd8 12. Nc3 Bd7 13. b3 Nc7 14. Bb2 b5 15. Rad1
bxc4 16. bxc4 Rb8 17. e4 Nxe4 18. Ncxe4 fxe4 19. Bxe4 Bf5 20. Bxf5 Rxf5 21. Ba1
Qd7 22. Qe2 1/2-1/2

[Event "XV Konik Morski Rewala - Open B"]
[Site "Rewal"]
[Date "2010.08.23"]
[Round "4.28"]
[White "Czaja, Roman"]
[Black "Kaczmarek, Alicja"]
[Result "1-0"]
[WhiteElo "2046"]
[BlackElo "1806"]
[PlyCount "115"]
[EventDate "2010.??.??"]

1. d4 d5 2. c4 c6 3. Nc3 e6 4. Nf3 f5 5. e3 Nf6 6. Bd3 Bd6 7. Qc2 O-O 8. b3 Qe7
9. O-O Ne4 10. Ne2 Bd7 11. Bb2 Be8 12. Ne5 Bh5 13. f3 Ng5 14. Ng3 Be8 15. Rae1
Nd7 16. e4 Nxe5 17. dxe5 Bc5+ 18. Kh1 dxe4 19. fxe4 f4 20. Nf5 exf5 21. exf5 f3
22. h4 f2 23. Re2 Bh5 24. f6 gxf6 25. exf6 Qf7 26. Re5 Ne6 27. Bf5 Rae8 28.
Bxe6 Rxe6 29. Rxc5 Bg6 30. Qxf2 h6 31. Qf4 b6 32. Re5 Rxf6 33. Qxf6 Qxf6 34.
Rxf6 Rxf6 35. Re7 Rf7 36. Re6 Bb1 37. a3 Ba2 38. Rxh6 Rh7 39. Rg6+ Kf7 40. Rf6+
Ke7 41. g3 Bxb3 42. Rxc6 Kd7 43. Rg6 Bxc4 44. Kg2 Bd5+ 45. Kf2 Rf7+ 46. Ke3
Rf3+ 47. Kd4 Bf7 48. Rg5 Rb3 49. Bc1 Rb1 50. Bf4 Ra1 51. h5 Rh1 52. g4 Rh4 53.
Ke5 a5 54. Rg7 Ke8 55. h6 Kf8 56. Kf6 Bb3 57. Bd6+ Ke8 58. h7 1-0

[Event "XV Konik Morski Rewala - Open B"]
[Site "Rewal"]
[Date "2010.08.23"]
[Round "4.29"]
[White "Nun, Grzegorz"]
[Black "Knap, Jerzy"]
[Result "0-1"]
[WhiteElo "1721"]
[BlackElo "1931"]
[PlyCount "108"]
[EventDate "2010.??.??"]

1. e4 c6 2. d4 d5 3. Nc3 dxe4 4. Nxe4 Bf5 5. Ng3 Bg6 6. Nf3 Nd7 7. Be2 e6 8.
O-O Ngf6 9. c4 Be7 10. h3 h6 11. Be3 O-O 12. Bd3 Bxd3 13. Qxd3 Re8 14. Rad1 Qc7
15. Qc2 Rad8 16. a3 a5 17. Rfe1 b6 18. Ne2 Bd6 19. c5 bxc5 20. dxc5 Be7 21. b4
axb4 22. axb4 Nd5 23. Bd2 Rb8 24. Qc4 Bf6 25. Nf4 Ne5 26. Nxe5 Bxe5 27. Nxd5
exd5 28. Qg4 Re6 29. Kh1 Qe7 30. f4 Bf6 31. f5 Re4 32. Qg3 Qe5 33. Qxe5 Rxe5
34. Rxe5 Bxe5 35. g4 Ra8 36. Re1 f6 37. Bc1 Ra2 38. Kg1 Bc3 39. Rd1 Bxb4 40.
Be3 Rc2 41. Rc1 Rxc1+ 42. Bxc1 Bxc5+ 43. Kf1 Kf7 44. Ke2 Ke7 45. h4 Bd6 46. g5
hxg5 47. hxg5 fxg5 48. Bxg5+ Kf7 49. Kd3 Be7 50. Bc1 c5 51. Bb2 Bf6 52. Ba3 c4+
53. Ke3 Be5 54. Bc5 Kf6 0-1

[Event "XV Konik Morski Rewala - Open B"]
[Site "Rewal"]
[Date "2010.08.23"]
[Round "4.31"]
[White "Dziodzio, Angelika"]
[Black "Mackiewicz, Piotr"]
[Result "0-1"]
[WhiteElo "1820"]
[BlackElo "1764"]
[PlyCount "64"]
[EventDate "2010.??.??"]

1. e4 c6 2. d4 d5 3. exd5 cxd5 4. Bd3 Nf6 5. c3 Nc6 6. Bf4 e6 7. Nd2 Bd6 8.
Bxd6 Qxd6 9. Ngf3 O-O 10. O-O Rb8 11. Qe2 Qf4 12. Ne5 Nxe5 13. dxe5 Ng4 14. g3
Qg5 15. Kg2 Nh6 16. f4 Qe7 17. Nf3 Bd7 18. Ng5 g6 19. h4 Bc6 20. Kh2 b5 21. h5
b4 22. hxg6 hxg6 23. Qc2 Ng4+ 24. Kh1 Kg7 25. cxb4 Rh8+ 26. Kg1 Qxb4 27. Nf3
Qb6+ 28. Rf2 Qxf2+ 29. Qxf2 Nxf2 30. Kxf2 Rxb2+ 31. Be2 Bb5 32. Re1 Rxa2 0-1

[Event "XV Konik Morski Rewala - Open B"]
[Site "Rewal"]
[Date "2010.08.23"]
[Round "4.32"]
[White "Strumilo, Slawomir"]
[Black "Dzierzak, Radoslaw"]
[Result "0-1"]
[WhiteElo "1821"]
[BlackElo "1608"]
[PlyCount "72"]
[EventDate "2010.??.??"]

1. d4 Nf6 2. Bg5 e6 3. e4 Be7 4. Bd3 c5 5. Nf3 cxd4 6. Nxd4 Nc6 7. Nxc6 bxc6 8.
O-O d5 9. exd5 cxd5 10. Qe2 O-O 11. Nd2 Nd7 12. Bxe7 Qxe7 13. Nb3 Nb6 14. f4
Qd6 15. Rad1 Bd7 16. Rf3 Rfe8 17. Qf2 Rac8 18. Qh4 h6 19. Rg3 Kh8 20. Rf3 Nc4
21. g4 e5 22. Bxc4 Rxc4 23. f5 e4 24. Rc3 Rxc3 25. bxc3 e3 26. Nd4 Qe5 27. Qg3
Qe4 28. Qf3 Qe5 29. Re1 Bc8 30. h4 Ba6 31. Kg2 e2 32. g5 Qe3 33. gxh6 Qxh6 34.
Nxe2 Qxh4 35. Rh1 Rxe2+ 36. Qxe2 Qxh1+ 0-1

[Event "XV Konik Morski Rewala - Open B"]
[Site "Rewal"]
[Date "2010.08.23"]
[Round "4.33"]
[White "Botor, Michalina"]
[Black "Poswiatowski, Stanislaw"]
[Result "1/2-1/2"]
[WhiteElo "1785"]
[BlackElo "1667"]
[PlyCount "83"]
[EventDate "2010.??.??"]

1. c4 Nf6 2. Nc3 c6 3. Nf3 d5 4. cxd5 cxd5 5. d4 Nc6 6. a3 e6 7. Bg5 Be7 8. e3
Ne4 9. Bxe7 Qxe7 10. Bd3 f5 11. Qc2 O-O 12. O-O-O Bd7 13. Kb1 a6 14. Ne1 b5 15.
f3 Nxc3+ 16. Qxc3 b4 17. Qc5 Qxc5 18. dxc5 bxa3 19. bxa3 Rfb8+ 20. Ka2 Ne5 21.
f4 Nxd3 22. Nxd3 Rc8 23. Rc1 Rab8 24. Rc3 a5 25. Rb1 Bc6 26. Rxb8 Rxb8 27. Ne5
Rc8 28. Nxc6 Rxc6 29. Kb3 Kf8 30. Ka4 Ke8 31. Kxa5 Kd7 32. Kb5 Rc8 33. c6+ Kc7
34. Kc5 Rb8 35. Kd4 Rb2 36. Ke5 Rxg2 37. Kxe6 Rxh2 38. Kxd5 Rd2+ 39. Ke5 g6 40.
Kf6 Rd6+ 41. Kg5 h5 42. Kh4 1/2-1/2

[Event "XV Konik Morski Rewala - Open B"]
[Site "Rewal"]
[Date "2010.08.23"]
[Round "4.34"]
[White "Kowalski, Maciej"]
[Black "Paszewski, Mateusz"]
[Result "1/2-1/2"]
[WhiteElo "1649"]
[BlackElo "1781"]
[PlyCount "77"]
[EventDate "2010.??.??"]

1. f4 c5 2. Nf3 Nf6 3. b3 g6 4. Bb2 Bg7 5. e3 O-O 6. g3 Nc6 7. Bg2 Re8 8. O-O
d6 9. d3 e5 10. Nbd2 Ng4 11. Re1 exf4 12. Bxg7 Nxe3 13. Qc1 Kxg7 14. gxf4 Nxg2
15. Kxg2 Rxe1 16. Qxe1 Qf6 17. Kg3 Bd7 18. Ne4 Qe7 19. Qc3+ f6 20. Re1 Qf8 21.
d4 Bf5 22. d5 Bxe4 23. Rxe4 Ne7 24. Ng5 Nf5+ 25. Kg2 Nd4 26. Rxd4 fxg5 27. Re4+
Kg8 28. fxg5 Qf5 29. Qe3 Qxd5 30. Kg3 Rf8 31. c4 Qf5 32. Re7 b6 33. Rxa7 d5 34.
cxd5 Qxd5 35. h4 b5 36. Qc3 Qd6+ 37. Kh3 Qe6+ 38. Kg3 Qd6+ 39. Kh3 1/2-1/2

[Event "XV Konik Morski Rewala - Open B"]
[Site "Rewal"]
[Date "2010.08.23"]
[Round "4.35"]
[White "Mostowski, Boguslaw"]
[Black "Krzysztofiak, Zdzislaw"]
[Result "1-0"]
[WhiteElo "1779"]
[BlackElo "1664"]
[PlyCount "61"]
[EventDate "2010.??.??"]

1. e4 Nf6 2. e5 Nd5 3. c4 Nb6 4. d4 d6 5. Nf3 dxe5 6. Nxe5 g6 7. Nc3 Bg7 8. f4
O-O 9. Be2 N8d7 10. Be3 Nxe5 11. fxe5 f6 12. c5 Nd5 13. Bc4 e6 14. Bxd5 exd5
15. exf6 Rxf6 16. Qb3 c6 17. O-O-O Rf7 18. Rde1 b6 19. Qb4 b5 20. Qb3 a5 21.
Qd1 a4 22. Rhf1 Rxf1 23. Rxf1 Qa5 24. Qf3 Qc7 25. Nxd5 Qb7 26. Nf6+ Kh8 27. Ne8
Bf5 28. Nd6 Qd7 29. Nxf5 gxf5 30. Qxf5 Rf8 31. Qxd7 1-0

[Event "XV Konik Morski Rewala - Open B"]
[Site "Rewal"]
[Date "2010.08.23"]
[Round "4.36"]
[White "Laszewski, Kazimierz"]
[Black "Panczuk, Joanna"]
[Result "0-1"]
[WhiteElo "1769"]
[BlackElo "1651"]
[PlyCount "68"]
[EventDate "2010.??.??"]

1. e4 e6 2. d4 d5 3. Nd2 c5 4. exd5 exd5 5. dxc5 Bxc5 6. Bb5+ Nc6 7. Ngf3 Bxf2+
8. Kf1 Bb6 9. Ne5 Nge7 10. Ndf3 O-O 11. h4 Nxe5 12. Nxe5 Nf5 13. Bf4 Ne3+ 14.
Bxe3 Bxe3 15. Qf3 Bd4 16. Nd3 Be6 17. c3 Bb6 18. Nf4 Qf6 19. g3 d4 20. Rc1 Rfd8
21. Kg2 dxc3 22. Rxc3 Rd2+ 23. Be2 Re8 24. Qxb7 Bg4 25. Re1 Rexe2+ 26. Rxe2
Rxe2+ 27. Kh1 Re1+ 28. Kh2 h6 29. Rc2 Qd4 30. Rg2 Qd1 31. Qb8+ Kh7 32. Re2
Rxe2+ 33. Nxe2 Qxe2+ 34. Kh1 Bf3# 0-1

[Event "XV Konik Morski Rewala - Open B"]
[Site "Rewal"]
[Date "2010.08.23"]
[Round "4.37"]
[White "Karwowski, Kacper"]
[Black "Mirski, Roman"]
[Result "1-0"]
[WhiteElo "1761"]
[BlackElo "1592"]
[PlyCount "59"]
[EventDate "2010.??.??"]

1. e4 c5 2. Nc3 Nc6 3. g3 g6 4. Bg2 Bg7 5. f4 d6 6. d3 e6 7. Be3 Nge7 8. Nf3
O-O 9. O-O b6 10. d4 cxd4 11. Nxd4 Bb7 12. g4 Nxd4 13. Bxd4 e5 14. fxe5 dxe5
15. Be3 Nc6 16. Nd5 Qh4 17. c3 Na5 18. Qe2 Rac8 19. Rad1 Bxd5 20. Rxd5 Nc4 21.
Bf2 Qe7 22. Rfd1 Qb7 23. R1d3 Bf6 24. Bg3 Rfe8 25. Qf2 Qe7 26. b3 Na5 27. Rd7
Qe6 28. R3d6 Qxg4 29. Qxf6 Rf8 30. Bxe5 1-0

[Event "XV Konik Morski Rewala - Open B"]
[Site "Rewal"]
[Date "2010.08.23"]
[Round "4.38"]
[White "Biszof, Henryk"]
[Black "Mirski, Roman (j)"]
[Result "1-0"]
[WhiteElo "1739"]
[BlackElo "1568"]
[PlyCount "39"]
[EventDate "2010.??.??"]

1. e4 c5 2. Nf3 Nc6 3. d4 cxd4 4. Nxd4 d6 5. Nc3 a6 6. Be3 g6 7. Qd2 Bg7 8. Be2
Nf6 9. f4 Nxd4 10. Bxd4 e6 11. O-O-O b5 12. a3 Qc7 13. e5 dxe5 14. Bxe5 Qd7 15.
Qe3 Qe7 16. Bd6 Qd8 17. Bf8 Nd5 18. Nxd5 Kxf8 19. Qc5+ Kg8 20. Ne7+ 1-0

[Event "XV Konik Morski Rewala - Open B"]
[Site "Rewal"]
[Date "2010.08.23"]
[Round "4.39"]
[White "Szmer, Aleksander"]
[Black "Murawko, Katarzyna"]
[Result "0-1"]
[WhiteElo "1574"]
[BlackElo "1734"]
[PlyCount "110"]
[EventDate "2010.??.??"]

1. e4 c5 2. c3 d5 3. exd5 Qxd5 4. d4 Nf6 5. Nf3 Nc6 6. Be3 cxd4 7. cxd4 Bg4 8.
Be2 e6 9. Nc3 Bb4 10. O-O Qd8 11. Qb3 Qe7 12. Rfd1 Bxc3 13. bxc3 O-O 14. Rab1
b6 15. Bg5 h6 16. Bh4 g5 17. Bg3 Rac8 18. h4 Nd5 19. Rbc1 Na5 20. Qb2 Nc4 21.
Bxc4 Bxf3 22. gxf3 Rxc4 23. Qb3 Rfc8 24. h5 Rxc3 25. Rxc3 Rxc3 26. Qb1 Rxf3 27.
Qe4 Ra3 28. Rc1 Qd7 29. Qe5 Rc3 30. Rxc3 Nxc3 31. Qb8+ Kg7 32. Be5+ f6 33. Bd6
Qf7 34. f4 Ne2+ 35. Kf2 Nxf4 36. Bxf4 gxf4 37. Qxf4 Qxh5 38. Qg3+ Qg6 39. Qc7+
Qf7 40. Qg3+ Kh7 41. Qd3+ f5 42. Qb5 Qg7 43. Qb4 h5 44. Qd6 Qf7 45. Qf4 Qe7 46.
Kf1 Kg6 47. Qb8 h4 48. Qg8+ Kh5 49. Qh8+ Kg4 50. Qe5 Qb7 51. d5 Qxd5 52. Qg7+
Kh3 53. Qc3+ Kh2 54. Qc2+ Kh1 55. Qe2 h3 0-1

[Event "XV Konik Morski Rewala - Open B"]
[Site "Rewal"]
[Date "2010.08.23"]
[Round "4.40"]
[White "Rabeda, Grzegorz"]
[Black "Szczurek, Natalia"]
[Result "1/2-1/2"]
[WhiteElo "1520"]
[BlackElo "1729"]
[PlyCount "79"]
[EventDate "2010.??.??"]

1. d4 d5 2. c4 e6 3. g3 c6 4. Nc3 dxc4 5. a4 Bb4 6. e3 Bxc3+ 7. bxc3 Qd5 8. Nf3
Nf6 9. Bg2 Qa5 10. Bd2 Nbd7 11. O-O O-O 12. Qc2 Rb8 13. e4 Qh5 14. e5 Nd5 15.
Nh4 f6 16. Bf3 Qf7 17. Be4 f5 18. Bg2 c5 19. a5 h6 20. f4 cxd4 21. cxd4 b5 22.
Bf3 Ba6 23. g4 c3 24. gxf5 cxd2 25. Bxd5 exd5 26. e6 Qh5 27. Ng6 Nf6 28. Qxd2
Ne4 29. Qg2 Rfe8 30. Rac1 Qxf5 31. Kh1 Rxe6 32. Ne5 Re7 33. Rc6 Bb7 34. Rxh6
Rxe5 35. fxe5 Qg5 36. Qxg5 Nxg5 37. Rg6 Ne4 38. h4 Kh7 39. h5 b4 40. Rf7
1/2-1/2

[Event "XV Konik Morski Rewala - Open B"]
[Site "Rewal"]
[Date "2010.08.23"]
[Round "4.43"]
[White "Bieniek, Kazimierz"]
[Black "Nun, Joanna"]
[Result "0-1"]
[WhiteElo "1696"]
[BlackElo "1564"]
[PlyCount "76"]
[EventDate "2010.??.??"]

1. e4 c5 2. Nf3 Nc6 3. d4 cxd4 4. Nxd4 Nf6 5. Nc3 g6 6. Be2 Bg7 7. Be3 O-O 8.
O-O d5 9. Nxc6 bxc6 10. exd5 Nxd5 11. Nxd5 cxd5 12. c3 e5 13. Qa4 Bd7 14. Bb5
Bxb5 15. Qxb5 Rb8 16. Qe2 Rb7 17. Rad1 Rd7 18. Bc5 Re8 19. Qa6 Re6 20. Qb5 a6
21. Qa4 Qc8 22. b4 Qc6 23. Qxc6 Rxc6 24. a4 Bf8 25. Bxf8 Kxf8 26. Rd3 Rc4 27.
f3 d4 28. Kf2 Rxc3 29. Ke2 Rdc7 30. Rfd1 R7c4 31. b5 axb5 32. axb5 Rc2+ 33.
R1d2 Rxd2+ 34. Rxd2 Rb4 35. g4 Rxb5 36. g5 Ke7 37. Kd3 Rb3+ 38. Ke4 Ke6 0-1

[Event "XV Konik Morski Rewala - Open B"]
[Site "Rewal"]
[Date "2010.08.23"]
[Round "4.44"]
[White "Gotin, Evgeniy"]
[Black "Wojna, Natalia"]
[Result "1-0"]
[WhiteElo "1696"]
[BlackElo "1527"]
[PlyCount "71"]
[EventDate "2010.??.??"]

1. e4 c5 2. Nf3 Nc6 3. d4 cxd4 4. Nxd4 Nf6 5. Nc3 e5 6. Ndb5 d6 7. Bg5 a6 8.
Na3 b5 9. Nd5 Be7 10. Bxf6 Bxf6 11. Be2 O-O 12. O-O Be6 13. c3 Bxd5 14. Qxd5
Ne7 15. Qd2 Ng6 16. Rad1 Be7 17. Nc2 f5 18. exf5 Rxf5 19. Bf3 Ra7 20. Ne3 Rf8
21. c4 Nf4 22. cxb5 axb5 23. Bd5+ Kh8 24. Bb3 Qa5 25. g3 Nh3+ 26. Kg2 Ng5 27.
Qxa5 Rxa5 28. Nd5 Bf6 29. f3 Ra6 30. h4 Ne6 31. Nb4 Nc5 32. Nxa6 Nxa6 33. Rxd6
Nc5 34. Rc1 Be7 35. Rd5 e4 36. fxe4 1-0

[Event "XV Konik Morski Rewala - Open B"]
[Site "Rewal"]
[Date "2010.08.23"]
[Round "4.45"]
[White "Sowa, Martyna"]
[Black "Kwasniewski, Pawel"]
[Result "0-1"]
[WhiteElo "1695"]
[BlackElo "1478"]
[PlyCount "54"]
[EventDate "2010.??.??"]

1. e4 c6 2. d4 d5 3. Nc3 dxe4 4. Nxe4 Nd7 5. Bc4 Ngf6 6. Ng3 e6 7. Nf3 Bd6 8.
Qe2 O-O 9. Bd2 c5 10. O-O Qc7 11. c3 a6 12. a4 b6 13. Rfe1 Bb7 14. Ne5 cxd4 15.
cxd4 Nd5 16. Rac1 Qd8 17. Bxd5 Bxd5 18. Nc6 Qf6 19. Ne4 Bxe4 20. Qxe4 Rac8 21.
Rc3 Kh8 22. Rec1 Rce8 23. Rf3 Qg6 24. Qh4 f6 25. Bb4 Bxb4 26. Nxb4 Rc8 27. Nc6
Rxc6 0-1

[Event "XV Konik Morski Rewala - Open B"]
[Site "Rewal"]
[Date "2010.08.23"]
[Round "4.46"]
[White "Skiba, Marta"]
[Black "Krolak, Dominika"]
[Result "1-0"]
[WhiteElo "1691"]
[BlackElo "1443"]
[PlyCount "59"]
[EventDate "2010.??.??"]

1. e4 c5 2. Nf3 Nc6 3. d4 cxd4 4. Nxd4 Nf6 5. Nc3 g6 6. Be3 Bg7 7. f3 O-O 8.
Qd2 a6 9. O-O-O Re8 10. g4 e5 11. Nb3 b5 12. h4 Qc7 13. h5 Bb7 14. hxg6 fxg6
15. Nd5 Nxd5 16. exd5 Nd8 17. Qh2 Rc8 18. Qxh7+ Kf7 19. Bd3 Qd6 20. Rh6 Rh8 21.
Qxg6+ Qxg6 22. Bxg6+ Kg8 23. Rxh8+ Bxh8 24. Nc5 d6 25. Ne4 Rb8 26. Nxd6 Bf6 27.
Be4 Kf8 28. g5 Be7 29. Nf5 Kf7 30. Rh1 1-0

[Event "XV Konik Morski Rewala - Open B"]
[Site "Rewal"]
[Date "2010.08.23"]
[Round "4.47"]
[White "Zawada, Jozef"]
[Black "Jasniewicz, Rafal"]
[Result "1/2-1/2"]
[WhiteElo "1838"]
[BlackElo "1588"]
[PlyCount "50"]
[EventDate "2010.??.??"]

1. d4 d5 2. c4 e6 3. Nc3 Nf6 4. Bg5 Nbd7 5. e3 c6 6. Nf3 Qa5 7. Nd2 Bb4 8. Bxf6
Nxf6 9. Qc2 O-O 10. Bd3 Bd7 11. O-O Rfc8 12. a3 Bxc3 13. Qxc3 Qxc3 14. bxc3 c5
15. cxd5 exd5 16. Rfc1 Rc7 17. Rc2 Rac8 18. Rac1 Ba4 19. Bf5 Nd7 20. Bxd7 Bxd7
21. c4 cxd4 22. exd4 dxc4 23. Rxc4 Rxc4 24. Rxc4 Rxc4 25. Nxc4 Bc6 1/2-1/2

[Event "XV Konik Morski Rewala - Open B"]
[Site "Rewal"]
[Date "2010.08.23"]
[Round "4.48"]
[White "Kopica, Paulina"]
[Black "Stankowski, Aleksander"]
[Result "1-0"]
[WhiteElo "1567"]
[BlackElo "1804"]
[PlyCount "55"]
[EventDate "2010.??.??"]

1. e4 Nf6 2. Nc3 d6 3. d4 g6 4. Be3 Bg7 5. f3 O-O 6. Qd2 Nc6 7. Bc4 a6 8. O-O-O
b5 9. Bb3 Na5 10. g4 h5 11. gxh5 Nxh5 12. Qg2 b4 13. Nce2 Nxb3+ 14. cxb3 c5 15.
dxc5 Qa5 16. Kb1 dxc5 17. Rd5 Qb5 18. Nc1 Bd4 19. Bh6 Ng7 20. Nge2 e5 21. Nxd4
exd4 22. Qg5 Ne6 23. Qf6 Bb7 24. Rd6 Kh7 25. Bxf8 Nxf8 26. Qf4 Kh8 27. Rg1 Bc6
28. Rg4 1-0

[Event "XV Konik Morski Rewala - Open B"]
[Site "Rewal"]
[Date "2010.08.23"]
[Round "4.50"]
[White "Hagner, Pawel"]
[Black "Strek, Jaroslaw"]
[Result "1/2-1/2"]
[WhiteElo "1901"]
[BlackElo "1568"]
[PlyCount "106"]
[EventDate "2010.??.??"]

1. d4 d5 2. Nf3 Nf6 3. Bg5 Nbd7 4. e3 a6 5. c3 e6 6. Nbd2 c5 7. Bd3 c4 8. Bc2
b5 9. Ne5 Qc7 10. Bf4 Bd6 11. Ndf3 b4 12. O-O bxc3 13. bxc3 h6 14. Nxd7 Bxd7
15. Bxd6 Qxd6 16. Ne5 O-O 17. Qe2 Qa3 18. Qd2 Ba4 19. Rfb1 Bxc2 20. Qxc2 Ne4
21. Nxc4 Qxc3 22. Qxc3 Nxc3 23. Rb3 Ne2+ 24. Kf1 Nxd4 25. exd4 dxc4 26. Rc3
Rac8 27. Rac1 Rfd8 28. Rxc4 Rxc4 29. Rxc4 Rd5 30. Ra4 a5 31. Ke2 Kh7 32. Ke3
Kg6 33. Rc4 Kf5 34. Rc7 Kf6 35. f4 h5 36. Rc5 Kf5 37. a4 f6 38. h4 Kg4 39. Rc7
g5 40. fxg5 fxg5 41. hxg5 Rxg5 42. Rc5 Rd5 43. Ke4 Kg3 44. Rxd5 exd5+ 45. Kxd5
Kxg2 46. Kc5 h4 47. d5 h3 48. d6 h2 49. d7 h1=Q 50. d8=Q Qc1+ 51. Kb5 Qc3 52.
Qd5+ Kg3 53. Qg5+ Kf3 1/2-1/2

[Event "XV Konik Morski Rewala - Open B"]
[Site "Rewal"]
[Date "2010.08.24"]
[Round "5.1"]
[White "Zakrzewski, Marek"]
[Black "Kaczmarek, Aleksander"]
[Result "1/2-1/2"]
[WhiteElo "1991"]
[BlackElo "2012"]
[PlyCount "55"]
[EventDate "2010.??.??"]

1. e4 c5 2. Nc3 e6 3. Nge2 Nc6 4. d3 Nf6 5. g3 Be7 6. Bg2 a6 7. h3 Qc7 8. f4 d6
9. Be3 Rb8 10. O-O b5 11. Qd2 d5 12. exd5 exd5 13. Nxd5 Nxd5 14. Bxd5 Bxh3 15.
Rf2 Rd8 16. Be4 h5 17. Qc3 Qd6 18. Bxc5 Qxc5 19. Bxc6+ Kf8 20. Bf3 Qf5 21. Nd4
Qg6 22. Kh2 Bg4 23. Kg2 h4 24. Rh1 Bd7 25. Ne2 Kg8 26. Be4 Qg4 27. Bf3 Qg6 28.
Be4 1/2-1/2

[Event "XV Konik Morski Rewala - Open B"]
[Site "Rewal"]
[Date "2010.08.24"]
[Round "5.2"]
[White "Szczecina, Michal"]
[Black "Poswiatowski, Michal"]
[Result "1/2-1/2"]
[WhiteElo "2100"]
[BlackElo "1925"]
[PlyCount "75"]
[EventDate "2010.??.??"]

1. d4 Nf6 2. c4 c5 3. Nf3 cxd4 4. Nxd4 d6 5. Nc3 g6 6. e4 Bg7 7. Be2 O-O 8. Be3
Nc6 9. Qd2 a6 10. f3 Bd7 11. O-O Rc8 12. Nc2 Be6 13. Rac1 Nd7 14. Rfd1 Qa5 15.
b4 Qd8 16. Nd5 Bb2 17. Rb1 Bg7 18. c5 Bxd5 19. exd5 Ncb8 20. cxd6 exd6 21. Nd4
Re8 22. Bf2 Nb6 23. b5 Nxd5 24. bxa6 bxa6 25. Rxb8 Rxb8 26. Nc6 Qc7 27. Nxb8
Qxb8 28. Bxa6 Nc3 29. Rc1 Qb4 30. Re1 Ra8 31. Qd3 d5 32. a3 Qxa3 33. Bb7 Rd8
34. h3 Qb4 35. Bc6 Qc4 36. Qxc4 dxc4 37. Bh4 Rd1 38. Kf1 1/2-1/2

[Event "XV Konik Morski Rewala - Open B"]
[Site "Rewal"]
[Date "2010.08.24"]
[Round "5.3"]
[White "Koziej, Maciej"]
[Black "Bednarski, Dawid"]
[Result "1-0"]
[WhiteElo "2025"]
[BlackElo "1822"]
[PlyCount "71"]
[EventDate "2010.??.??"]

1. e4 c5 2. Nf3 Nc6 3. d4 cxd4 4. Nxd4 Nf6 5. Nc3 e5 6. Ndb5 d6 7. Bg5 a6 8.
Na3 b5 9. Nd5 Be7 10. Bxf6 Bxf6 11. c3 O-O 12. Nc2 Bg5 13. a4 bxa4 14. Rxa4 a5
15. Bc4 Rb8 16. b3 Kh8 17. Nde3 g6 18. h4 Bxe3 19. Nxe3 f5 20. h5 g5 21. exf5
Bxf5 22. Nxf5 Rxf5 23. Ra2 Ne7 24. Rd2 Rf6 25. Rh3 Nf5 26. Bd5 h6 27. Be4 Qb6
28. Rf3 Rbf8 29. Bxf5 Rxf5 30. Rxd6 Qc7 31. Rxh6+ Kg7 32. Rg6+ Kh8 33. Rxf5
Rxf5 34. Qd2 Rf8 35. Rh6+ Kg7 36. Qxg5+ 1-0

[Event "XV Konik Morski Rewala - Open B"]
[Site "Rewal"]
[Date "2010.08.24"]
[Round "5.4"]
[White "Krajewicz, Pawel"]
[Black "Gonsior, Monika"]
[Result "1/2-1/2"]
[WhiteElo "2005"]
[BlackElo "2087"]
[PlyCount "118"]
[EventDate "2010.??.??"]

1. d4 b6 2. e4 Bb7 3. Bd3 f5 4. exf5 Bxg2 5. Qh5+ g6 6. fxg6 Bg7 7. gxh7+ Kf8
8. hxg8=Q+ Kxg8 9. Qg4 Bxh1 10. Bf4 Bd5 11. Nc3 Bf7 12. O-O-O Bh5 13. Qg2 Bxd1
14. Qxa8 Bh5 15. Qg2 d6 16. Bc4+ Kf8 17. Nh3 Bf6 18. Ng5 Bxg5 19. Bxg5 c6 20.
Bh6+ Ke8 21. Be6 Bf7 22. Qg7 Bxe6 23. Qxh8+ Kd7 24. Qg7 Qg8 25. Qxg8 Bxg8 26.
Kd2 Ke6 27. Ke3 Nd7 28. f3 Kf7 29. Bg5 Bh7 30. Kd2 Nf8 31. d5 c5 32. Nb5 a5 33.
Na7 Bf5 34. Nc6 e6 35. Nd8+ Ke8 36. Nxe6 Nxe6 37. dxe6 Bxe6 38. a3 b5 39. h4
Bf7 40. f4 Bg6 41. c3 a4 42. Ke3 d5 43. Bf6 Kd7 44. Bg7 Ke7 45. Kf3 Bh5+ 46.
Kg3 Kf7 47. Be5 Ke6 48. Kf2 Bg4 49. Ke3 Bh5 50. Bb8 Bg6 51. Ba7 Kd6 52. f5 Bxf5
53. Kf4 Bc2 54. Kg5 Ke6 55. Bxc5 Kf7 56. h5 Kg8 57. Kf6 Kh7 58. Be3 Bd1 59. h6
Bc2 1/2-1/2

[Event "XV Konik Morski Rewala - Open B"]
[Site "Rewal"]
[Date "2010.08.24"]
[Round "5.5"]
[White "Grabowski, Adam"]
[Black "Choroszej, Aleksander"]
[Result "1/2-1/2"]
[WhiteElo "1952"]
[BlackElo "2095"]
[PlyCount "91"]
[EventDate "2010.??.??"]

1. e4 g6 2. d4 Bg7 3. Nf3 d6 4. Nc3 Nf6 5. Be2 O-O 6. h3 a6 7. a4 b6 8. O-O Bb7
9. Bd3 c5 10. Re1 Nc6 11. dxc5 dxc5 12. e5 Nd5 13. Bd2 Nxc3 14. Bxc3 Nd4 15.
Be4 Bxe4 16. Rxe4 Qd5 17. Re3 Rad8 18. Bxd4 cxd4 19. Rb3 Bxe5 20. Qe2 Bd6 21.
Rxb6 e5 22. Nd2 Rc8 23. Ne4 Be7 24. Rxa6 f5 25. Ng3 e4 26. Rd1 Bf6 27. c3 d3
28. Qe3 Qe5 29. f4 Qb8 30. Rd2 Be7 31. Nxe4 fxe4 32. Qxe4 Bc5+ 33. Kh1 Qxf4 34.
Qxf4 Rxf4 35. Rxd3 Bf8 36. Kh2 Rf2 37. Rb6 Re8 38. b4 Ree2 39. Kg3 Rxg2+ 40.
Kf3 Rgf2+ 41. Kg3 Be7 42. a5 Kg7 43. Rd7 Kf7 44. Rbb7 Rf6 45. b5 h5 46. h4
1/2-1/2

[Event "XV Konik Morski Rewala - Open B"]
[Site "Rewal"]
[Date "2010.08.24"]
[Round "5.6"]
[White "Slabek, Grzegorz"]
[Black "Ziebinski, Bartosz"]
[Result "0-1"]
[WhiteElo "2065"]
[BlackElo "1954"]
[PlyCount "92"]
[EventDate "2010.??.??"]

1. d4 Nf6 2. Nf3 g6 3. b4 Bg7 4. Bb2 O-O 5. e3 b6 6. Be2 c5 7. b5 d5 8. O-O
Nbd7 9. c4 Bb7 10. Nbd2 cxd4 11. Nxd4 Nc5 12. a4 a5 13. N4b3 Rc8 14. Nxc5 Rxc5
15. Bd4 Rc8 16. Rc1 Qd6 17. cxd5 Bxd5 18. Nc4 Bxc4 19. Bxc4 Ne4 20. Qg4 Nc5 21.
Rfd1 Bxd4 22. exd4 Nd7 23. h4 Kg7 24. Be2 Rxc1 25. Rxc1 Nf6 26. Qg5 Qxd4 27. h5
h6 28. Qe3 Qxe3 29. fxe3 Rd8 30. hxg6 Kxg6 31. Rc7 Rd7 32. Rc6 Rd6 33. Rc7 Nd5
34. Rb7 Kf6 35. Bf3 Nxe3 36. Kf2 Nc4 37. Bc6 Rd4 38. Ke2 Ke6 39. Kf1 f5 40. g3
Kf6 41. Bf3 Rd6 42. Bc6 e5 43. Ke2 e4 44. g4 fxg4 45. Bxe4 h5 46. Rc7 Ne5 0-1

[Event "XV Konik Morski Rewala - Open B"]
[Site "Rewal"]
[Date "2010.08.24"]
[Round "5.7"]
[White "Weglarz, Joanna"]
[Black "Swiech, Piotr"]
[Result "0-1"]
[WhiteElo "2037"]
[BlackElo "1943"]
[PlyCount "38"]
[EventDate "2010.??.??"]

1. e4 e6 2. d4 d5 3. exd5 exd5 4. Qf3 Bd6 5. Bd3 Ne7 6. Ne2 Nbc6 7. c3 Ng6 8.
Qxd5 Nce7 9. Qh5 O-O 10. O-O c6 11. Nd2 Nd5 12. Nc4 Nf6 13. Qg5 h6 14. Qd2
Bxh2+ 15. Kh1 Ne4 16. Bxe4 Qh4 17. g3 Bxg3+ 18. Kg2 Qh2+ 19. Kf3 Bf4 0-1